书目信息 |
| 题名: |
ABB工业机器人应用技术全集
|
|
| 作者: | 龚仲华 编著 | |
| 分册: | ||
| 出版信息: | 北京 人民邮电出版社 2020 |
|
| 页数: | 640页 | |
| 开本: | 26cm | |
| 丛书名: | ||
| 单 册: | ||
| 中图分类: | TP242.2 | |
| 科图分类: | ||
| 主题词: | 工业机器人 | |
| 电子资源: | ||
| ISBN: | 978-7-115-54373-8 | |
| 000 | 00831nam0 2200217 450 | |
| 001 | 2137644977 | |
| 005 | 20210107102730.03 | |
| 010 | @a978-7-115-54373-8@dCNY188.00 | |
| 100 | @a20200904d2020 em y0chiy50 ea | |
| 101 | 0 | @achi |
| 102 | @aCN@b110000 | |
| 105 | @aa z 000yy | |
| 200 | 1 | @aABB工业机器人应用技术全集@9ABB gong ye ji qi ren ying yong ji shu quan ji@b专著@f龚仲华编著 |
| 210 | @a北京@c人民邮电出版社@d2020 | |
| 215 | @a640页@c图@d26cm | |
| 330 | @a本书从工业机器人的应用要求出发,在介绍机器人产生、发展、分类、应用及工业机器人组成、特点、性能等知识的基础上,对工业机器人本体及变位器、谐波减速器、RV减速器等关键零部件的结构原理、安装维护要求进行了阐述等。 | |
| 606 | 0 | @a工业机器人 |
| 690 | @aTP242.2@v5 | |
| 701 | 0 | @a龚仲华@9gong zhong hua@4编著 |
| 801 | 2 | @aCN@b58marc.cn@c20201029 |
| 905 | @aZUCC@dTP242.2@e16 | |
| ABB工业机器人应用技术全集/龚仲华编著.-北京:人民邮电出版社,2020 |
| 640页:图;26cm |
| ISBN 978-7-115-54373-8:CNY188.00 |
| 本书从工业机器人的应用要求出发,在介绍机器人产生、发展、分类、应用及工业机器人组成、特点、性能等知识的基础上,对工业机器人本体及变位器、谐波减速器、RV减速器等关键零部件的结构原理、安装维护要求进行了阐述等。 |
| ● |
| 相关链接 |
|
|
|
正题名:ABB工业机器人应用技术全集
索取号:TP242.2/16
 
预约/预借
| 序号 | 登录号 | 条形码 | 馆藏地/架位号 | 状态 | 备注 |
| 1 | 2000879676 | 2000879676 | 第二书库/ [索取号:TP242.2/16] | 在馆 | |
| 2 | 2000879677 | 2000879677 | 第二书库/ [索取号:TP242.2/16] | 在馆 | |
| 3 | 2000879678 | 2000879678 | 第二书库/ [索取号:TP242.2/16] | 在馆 |